Statistics for Stardew Valley location from image quiz #1

Click here to take the quiz!

General Stats

  • This quiz has been taken 130 times
  • The average score is 10 of 16

Answer Stats

Answer% Correct
Desert
93%
Carpenter's Shop
91%
Mayor's Manor
87%
Fish Shop
85%
Greenhouse
83%
Deluxe Coop
80%
Bus Stop
75%
Skull Cavern
69%
Casino
68%
Cindersap Forest
61%
Stardrop Saloon
50%
Ginger Island North
41%
Witch's Hut
41%
Wizard's Tower
36%
Ginger Island West
23%
Museum
16%

Score Distribution

Percentile by Number Answered

Percent of People with Each Score

Your Score History

You have not taken this quiz